000 00676nam a2200157 a 4500
008 120416s1975 ||||||||||||||||| || u
050 _aHF 5549.5.T7 Far
100 _aFarnsworth, Terry
245 1 0 _aDeveloping executive talent
246 _aa practical guide
260 _aLondon
_bMcGraw-Hill
_c1975
300 _aix, 161p.
350 _a0.00
995 _aMAIN LIBRARY OPEN ACCESS
_D0.00
_e005387
_FCBU-MAIN LIBRARY (Kitwe)
_H1
_I0.00
_jHF 5549.5.T7 Far
_M1
_UAVAILABLE
_y005387
_ZMain Library Open Access Collection
995 _aMAIN LIBRARY OPEN ACCESS
_D0.00
_e703046
_FCBU-MAIN LIBRARY (Kitwe)
_H2
_I0.00
_jHF 5549.5.T7 Far
_M2
_UAVAILABLE
_y005388
_ZMain Library Open Access Collection
999 _c63476
_d63476